02419nam a2200349 a 4500001000700000003000900007005001700016008004100033020001800074040002800092041000800120043001200128100003500140245019100175260004100366300005200407490002300459490005900482500023400541500019500775520076100970534004201731600005601773650003301829650002401862650002201886650002301908650002901931700003801960700003701998700003402035802760CO-ViMGA20230915233606.0891006s1987 sp ac jr 00011dspa d a9789586655262 aCO-ViMGAbspacCO-ViMGA1 hger ae-gx---1 aHoffmann, Heinrich.d1809-189410aPedro Melenas y compañia : bhistorias muy divertidas y estampas aún mas graciosas / cHeinrich Hoffmann ; introducción de Carmen Bravo-Villasante ; traducción de Victor Canicio. aBogotá : bSiglo del Hombrec2018. a[132] p. : bil. [parte col.], retr. ; c21 cm. aEl mapa del tesoro aPlan Nacional de Lectura y Escritura Leer es mi Cuento aCon motivo del 170 aniversario de su publicación, diez de los mejores y más sediciosos ilustradores del panorama actual se han reunido para dibujar sus propias historias despiadadas protagonizadas por niños no menos crueles aEdición especial Colección de actualización bibliográfica para la Red de Bibliotecas Públicas del Ministerio de Cultura, Plan Nacional de Lectura y Escritura Leer es mi Cuento 2018 aEste implacable manual de buenas maneras es también una de las obras más crueles y políticamente incorrectas jamás escritas. A pesar de ello, o tal vez gracias a ello, este libro se ha convertido en un clásico de la literatura (no solo infantil) de todas las épocas. Y aunque transgredir las normas suele tener consecuencias, no las tuvo para el doctor Hoffmann, que, con su subversivo Struwwelpeter, revolucionó para siempre el mundo de la literatura ilustrada. Esta historia en verso sobre la desobediencia y sus fatales resultados, publicada con unos coloridos dibujos a tinta, se convirtió no solo en el libro favorito de su hijo, sino también en el de los niños alemanes de todos los tiempos...tomado de la contracubierta del libro pTitulo original. tDer Struwwelpeter. aHoffmann, Heinrich|d1809-1894xHomenajes póstumos14aCuentos infantiles alemanes.14aEscritores alemanes14aLibros ilustrados14aLiteratura alemana14aPoesia infantil alemana.1 aBravo Villasante, Carmen, d1918-1 aCanicio, Vc̕tor, etr., d1937-1 aPuerta Leisse, Gustavod1975-